书目信息 |
| 题名: |
白话深度学习的数学
|
|
| 作者: | 立石贤吾 著 ;郑明智 译 | |
| 分册: | ||
| 出版信息: | 北京 人民邮电出版社 2023 |
|
| 页数: | 12,339页 | |
| 开本: | 21cm | |
| 丛书名: | 图灵程序设计丛书 | |
| 单 册: | ||
| 中图分类: | TP181 | |
| 科图分类: | ||
| 主题词: | 机器学习 | |
| 电子资源: | ||
| ISBN: | 978-7-115-63008-7 | |
| 000 | 01118oam2 2200289 450 | |
| 001 | 012831977 | |
| 005 | 20240412162257.0 | |
| 010 | @a978-7-115-63008-7@dCNY69.80 | |
| 100 | @a20240326d2023 em y0chiy0120 ea | |
| 101 | 1 | @achi@cjpn |
| 102 | @aCN@b110000 | |
| 105 | @aa z 000yy | |
| 106 | @ar | |
| 200 | 1 | @a白话深度学习的数学@9bai hua shen du xue xi de shu xue@f(日)立石贤吾著@g郑明智译 |
| 210 | @a北京@c人民邮电出版社@d2023 | |
| 215 | @a12,339页@c图@d21cm | |
| 225 | 2 | @a图灵程序设计丛书 |
| 305 | @aMynavi Publishing Corporation.授权出版 | |
| 330 | @a本书通过想要学习深度学习的程序员绫乃和她朋友美绪的对话,逐步讲解深度学习中实用的数学基础知识。内容涉及神经网络的结构、感知机、正向传播和反向传播,以及卷积神经网络。其中,重点讲解了容易成为学习绊脚石的数学公式和符号。同时,还通过实际的Python编程实现神经网络,加深读者对相关数学知识的理解。 | |
| 461 | 0 | @12001 @a图灵程序设计丛书 |
| 586 | @a | |
| 606 | 0 | @a机器学习 |
| 690 | @aTP181@v5 | |
| 701 | 0 | @c(日)@a立石贤吾@9li shi xian wu@4著 |
| 702 | 0 | @a郑明智@9zheng ming zhi@4译 |
| 801 | 0 | @aCN@c20240413 |
| 905 | @dTP181@eL361@f1@sTP181/L361@S@Z | |
| 白话深度学习的数学/(日)立石贤吾著/郑明智译.-北京:人民邮电出版社,2023 |
| 12,339页:图;21cm.-(图灵程序设计丛书) |
| ISBN 978-7-115-63008-7:CNY69.80 |
| 本书通过想要学习深度学习的程序员绫乃和她朋友美绪的对话,逐步讲解深度学习中实用的数学基础知识。内容涉及神经网络的结构、感知机、正向传播和反向传播,以及卷积神经网络。其中,重点讲解了容易成为学习绊脚石的数学公式和符号。同时,还通过实际的Python编程实现神经网络,加深读者对相关数学知识的理解。 |
| ● |
| 相关链接 |
|
|
|
正题名:白话深度学习的数学
索取号:TP181/L361
 
预约/预借
| 序号 | 登录号 | 条形码 | 馆藏地/架位号 | 状态 | 备注 |
| 1 | 21619176 | 216191760 | 自科库301/301自科库 102排9列6层/ [索取号:TP181/L361] | 在馆 |